00354nam a2200133Ia 450000500170000000800410001702000060005808200130006410000170007724500320009426000380012630000130016450000430017720250320021729.0240331s9999 xx 000 0 und d a  bMAUa894 aMaunaguru, S 0aKalai illakkiya kadduraikal aChennaibKumaran Publishersc1997 a127 p ., aA Book of essays on art & Literature